| 000 -LEADER |
| fixed length control field |
00576nam a22001577a 4500 |
| 005 - DATE AND TIME OF LATEST TRANSACTION |
| control field |
20231221163218.0 |
| 008 - FIXED-LENGTH DATA ELEMENTS--GENERAL INFORMATION |
| fixed length control field |
231221s1962 ru ||||| |||| 00| 0 rus d |
| 041 ## - LANGUAGE CODE |
| Language code of text/sound track or separate title |
rus |
| 080 ## - UNIVERSAL DECIMAL CLASSIFICATION NUMBER |
| Universal Decimal Classification number |
94(37)(082) X-91 |
| 245 ## - TITLE STATEMENT |
| Title |
Хрестоматия по истории древнего Рима / |
| Statement of responsibility, etc. |
Ред. С.Л. Утченко. |
| 264 ## - PRODUCTION, PUBLICATION, DISTRIBUTION, MANUFACTURE, AND COPYRIGHT NOTICE |
| Place of production, publication, distribution, manufacture |
М.: |
| Name of producer, publisher, distributor, manufacturer |
Соцэкгиз, |
| Date of production, publication, distribution, manufacture, or copyright notice |
1962. |
| 300 ## - PHYSICAL DESCRIPTION |
| Extent |
674 с.; |
| Other physical details |
22 см. |
| 653 ## - INDEX TERM--UNCONTROLLED |
| keyword |
ძველი რომის ისტორია |
| 700 ## - ADDED ENTRY--PERSONAL NAME |
| Personal name |
Утченко, С.Л. |
| Relator term |
რედაქტორი |
| 9 (RLIN) |
20842 |
| 942 ## - ADDED ENTRY ELEMENTS (KOHA) |
| Source of classification or shelving scheme |
|
| Koha item type |
წიგნი |